<?xml version="1.0" encoding="UTF-8"?><?xml-stylesheet type="text/xsl" href="static/style.xsl"?><OAI-PMH xmlns="http://www.openarchives.org/OAI/2.0/" xmlns:xsi="http://www.w3.org/2001/XMLSchema-instance" xsi:schemaLocation="http://www.openarchives.org/OAI/2.0/ http://www.openarchives.org/OAI/2.0/OAI-PMH.xsd"><responseDate>2026-06-03T00:52:31Z</responseDate><request verb="GetRecord" identifier="oai:riuma.uma.es:10630/33186" metadataPrefix="marc">https://riuma.uma.es/rest/oai/request</request><GetRecord><record><header><identifier>oai:riuma.uma.es:10630/33186</identifier><datestamp>2026-02-03T11:18:34Z</datestamp><setSpec>com_10630_2254</setSpec><setSpec>col_10630_37953</setSpec></header><metadata><record xmlns="http://www.loc.gov/MARC21/slim" xmlns:dcterms="http://purl.org/dc/terms/" xmlns:doc="http://www.lyncode.com/xoai" xmlns:xsi="http://www.w3.org/2001/XMLSchema-instance" xsi:schemaLocation="http://www.loc.gov/MARC21/slim http://www.loc.gov/standards/marcxml/schema/MARC21slim.xsd">
   <leader>00925njm 22002777a 4500</leader>
   <datafield ind2=" " ind1=" " tag="042">
      <subfield code="a">dc</subfield>
   </datafield>
   <datafield ind2=" " ind1=" " tag="720">
      <subfield code="a">Fernández-Ramírez, Marina</subfield>
      <subfield code="e">author</subfield>
   </datafield>
   <datafield ind2=" " ind1=" " tag="260">
      <subfield code="c">2020</subfield>
   </datafield>
   <datafield ind2=" " ind1=" " tag="520">
      <subfield code="a">La prolongada crisis económica y la débil situación de la recuperación mundial ha afectado al empleo juvenil español   hasta   llevarlo   a   una   situación   crítica   cuyas soluciones son difíciles de encontrar y aún más lentas de poner  en  práctica.  La  mayoría  de  los  especialistas  en prospectiva,  vienen  vaticinando  en  los  últimos  años  un futuro  incierto  para  el  empleo  y  en particular  para  el empleo  joven,  tal  y  como  lo  hemos  venido  concibiendo dado que a ello se suma, como reto añadido, el desarrollo acelerado   que   los   procesos   de   automatización   están teniendo  en  el  empleo,  la  destrucción  de  puestos  de trabajo y el descenso de las cotizaciones. En este orden de consideraciones   la   incógnita   es   aún   mayor   cuando abordamos el tema de la protección social de los jóvenes en   este   marco   de   desempleo,   precariedad,   carreras laborales  intermitentes  y  búsqueda  de  soluciones  en  el ámbito del ahorro privado (previsión social complementaria).   Toca   poner   en   práctica   soluciones eficientes  y  efectivas  a  estos  problemas  actuando  para ello de modo conjunto e integral y propiciando la sinergia entre  las  políticas  enfocadas  a  la  promoción  del  objetivo de prosperidad y bienestar laboral.</subfield>
   </datafield>
   <datafield ind1="8" ind2=" " tag="024">
      <subfield code="a">2386-7191</subfield>
   </datafield>
   <datafield ind1="8" ind2=" " tag="024">
      <subfield code="a">https://hdl.handle.net/10630/33186</subfield>
   </datafield>
   <datafield tag="653" ind2=" " ind1=" ">
      <subfield code="a">Jóvenes -- Trabajo</subfield>
   </datafield>
   <datafield tag="653" ind2=" " ind1=" ">
      <subfield code="a">Seguridad social</subfield>
   </datafield>
   <datafield tag="653" ind2=" " ind1=" ">
      <subfield code="a">Jubilación</subfield>
   </datafield>
   <datafield ind2="0" ind1="0" tag="245">
      <subfield code="a">Empleo juvenil, jubilación y Previsión Social Complementaria. La incierta transición desde el modelo de compartimentos estancos a la estrategia de los vasos comunicantes</subfield>
   </datafield>
</record>
</metadata></record></GetRecord></OAI-PMH>